000 00897nam a2200205Ia 4500
999 _c9749
_d9749
005 20231013153635.0
008 231013s9999 xx 000 0 und d
020 _a84-481-2798-6
040 _aUPAN
_cBiblioteca San Vicente
_eRCAA2
041 _aspa
082 _a338.8
_bA993a
_c2000
100 _aAzua, Jon
_4aut.
245 0 _aAlianza Competitiva para la nueva economía:
_bEmpresas, gobiernos y regiones innovadoras/
_cJon Azua
250 _a1° ed.
260 _aMcGraw Hill:
_bEspaña,
_c2000
300 _a189 p.;
_c24 cm.
505 _a1. Introducciòn, 2. Un nuevo paradigma competitivo: Business + Government+ Community, 3. Un nuevo sistema de relaciòn entre las distintas Comunidades: Empresarial, Administraciones Pùblicas y Comunidad Natural, 4. El camino hacia el nuevo modelo, 5. El modelo propuesto, 6. Soluciones aplicadas
650 _2LEMB
_xEconomía
942 _cBK
_2ddc